Logo BPK

Biblioteka

Politechniki Koszalińskiej

Rysunek techniczny : (Rekord nr 20944)

Szczegóły MARC
000 -ETYKIETA REKORDU
podpole kontrolne o stałej długości 00498nam a2200169 i 4500
001 - NUMER KONTROLNY REKORDU
pole kontrolne bg
040 ## - ŹRÓDŁO KATALOGOWANIA
Instytucja, która utworzyła rekord BPK
041 ## - KOD JĘZYKA
Kod języka tekstu pol
080 ## - UNIWERSALNA KLASYFIKACJA DZIESIĘTNA - UKD
UKD 744:621](075.8)
008 - POLE O STAŁEJ DŁUGOŚCI - DANE KONTROLNE
podpole kontrolne o stałej długości s pl f |000 0 pol
100 1# - NAZWA OSOBOWA
Nazwa osobowa CISŁO, Wiesława
245 #0 - TYTUŁ/ODPOWIEDZIALNOŚĆ
Tytuł Rysunek techniczny :
Ciąg dalszy tytułu (graficzny zapis konstrukcji maszynowych) /
Pozostałe elementy strefy tytułu i oznaczenia odpowiedzialności Wiesława Cisło, Wiesława Czarnecka, Stefan Waczyński.
260 ## - STREFA ADRESU WYDAWNICZEGO
Miejsce wydania Częstochowa,
Data publikacji, dystrybucji/powstania dokumentu 1982.
700 1# - HASŁO DODATKOWE - NAZWA OSOBOWA
Nazwa osobowa CZARNECKA, Wiesława
700 1# - HASŁO DODATKOWE - NAZWA OSOBOWA
Nazwa osobowa WACZYŃSKI, Stefan
856 ## - LOKALIZACJA I DOSTĘP DO ELEKTRONICZNYCH DOKUMENTÓW ZDALNYCH
Link (URL) http://koha.tu.koszalin.pl/cgi-bin/koha/opac-detail.pl?biblionumber=20944
Tekst linku Katalog online BPK
942 ## - DODATKOWE ELEMENTY (KOHA)
Typ dokumentu Książka
Egzemplarze
Wycofany Status egzemplarza Uszkodzony Dostępność Lokalizacja stała Lokalizacja bieżąca Miejsce przechowywania Sygnatura Kod kreskowy Ostatnio wypożyczono Typ dokumentu
      Dostępny Biblioteka Politechniki Koszalińskiej Biblioteka Politechniki Koszalińskiej Wypożyczalnia BG 29427 01224115 27.03.2013 Książka
© 2023 Biblioteka Politechniki Koszalińskiej :: KOHA